<?xml version="1.0" encoding="UTF-8"?><?xml-stylesheet type="text/xsl" href="static/style.xsl"?><OAI-PMH xmlns="http://www.openarchives.org/OAI/2.0/" xmlns:xsi="http://www.w3.org/2001/XMLSchema-instance" xsi:schemaLocation="http://www.openarchives.org/OAI/2.0/ http://www.openarchives.org/OAI/2.0/OAI-PMH.xsd"><responseDate>2026-04-13T01:50:30Z</responseDate><request verb="GetRecord" identifier="oai:www.recercat.cat:10459.1/72480" metadataPrefix="marc">https://recercat.cat/oai/request</request><GetRecord><record><header><identifier>oai:recercat.cat:10459.1/72480</identifier><datestamp>2024-12-05T21:21:36Z</datestamp><setSpec>com_2072_3622</setSpec><setSpec>col_2072_479130</setSpec></header><metadata><record xmlns="http://www.loc.gov/MARC21/slim" xmlns:dcterms="http://purl.org/dc/terms/" xmlns:xsi="http://www.w3.org/2001/XMLSchema-instance" xmlns:doc="http://www.lyncode.com/xoai" xsi:schemaLocation="http://www.loc.gov/MARC21/slim http://www.loc.gov/standards/marcxml/schema/MARC21slim.xsd">
   <leader>00925njm 22002777a 4500</leader>
   <datafield ind2=" " ind1=" " tag="042">
      <subfield code="a">dc</subfield>
   </datafield>
   <datafield ind2=" " ind1=" " tag="720">
      <subfield code="a">Blázquez García, Eulalia</subfield>
      <subfield code="e">author</subfield>
   </datafield>
   <datafield ind2=" " ind1=" " tag="720">
      <subfield code="a">Marín, Victoria I.</subfield>
      <subfield code="e">author</subfield>
   </datafield>
   <datafield ind2=" " ind1=" " tag="260">
      <subfield code="c">2021-12-03T11:17:13Z</subfield>
   </datafield>
   <datafield ind2=" " ind1=" " tag="260">
      <subfield code="c">2021-12-03T11:17:13Z</subfield>
   </datafield>
   <datafield ind2=" " ind1=" " tag="260">
      <subfield code="c">2021-12</subfield>
   </datafield>
   <datafield ind2=" " ind1=" " tag="260">
      <subfield code="c">2021-12-03T11:17:13Z</subfield>
   </datafield>
   <datafield ind2=" " ind1=" " tag="520">
      <subfield code="a">Las pedagogías emergentes presentan al docente como diseñador de actividades de aprendizaje enriquecidas con las Tecnologías de la Información y Comunicación (TIC) siendo sus habilidades determinantes a la hora de llevar estas actividades a la práctica. Por esta razón, la Competencia Digital Docente ligada con las actitudes del profesorado respecto al nivel de efectividad de las técnicas utilizadas para la promoción de competencias clave en la actualidad como el aprendizaje colaborativo, la creatividad o el espíritu emprendedor a través de los recursos tecnológicos, se presentan como factores fundamentales a la hora de analizar el uso de estas herramientas con fines educativos. Por tanto, el propósito del presente estudio es el análisis del uso que se hace de los recursos TIC por parte del profesorado para la promoción del aprendizaje colaborativo, la creatividad y el espíritu emprendedor, así como el grado de efectividad que los docentes otorgan a las herramientas tecnológicas utilizadas en el aula. Para ello, se ha realizado una encuesta a docentes de Educación Primaria y Secundaria, en el contexto de la región de Murcia (España). Los resultados obtenidos muestran que los recursos tecnológicos utilizados suelen enfocarse más al fomento de la creatividad y el trabajo colaborativo, quedando el emprendimiento en un segundo plano. En cuanto a las percepciones del profesorado en relación con el nivel de efectividad de los recursos tecnológicos utilizados, se observa que éstos consideran que las herramientas tecnológicas usadas en el aula fomentan en gran medida el aprendizaje colaborativo y la creatividad y, en menor medida, el espíritu emprendedor. De entre las conclusiones se extraen la importancia del papel del profesorado como facilitador del conocimiento a través de las TIC y su preparación pedagógica, tecnológica y cognitiva como factores que determinan el éxito del fomento de estas habilidades en la escuela.</subfield>
   </datafield>
   <datafield ind2=" " ind1=" " tag="520">
      <subfield code="a">The emerging pedagogies present the teacher as a designer of learning activities enhanced by the&#xd;
Information and Communication Technologies (ICT), being their abilities decisive in the implementation of&#xd;
these activities. For this reason, the Teachers’ Digital Competence together with the teachers’ perceptions&#xd;
regarding the level of effectiveness of the techniques used to promote cross-cutting competencies at&#xd;
present, such as collaborative learning, creativity or entrepreneurial spirit by means of technological&#xd;
resources, are essential elements when analysing the use of these tools with educational aims. Therefore,&#xd;
the purpose of the present study is the analysis of the use of ICT resources by teachers to promote&#xd;
collaborative learning, creativity and entrepreneurial spirit, as well as the level of effectiveness that teachers&#xd;
give to the technological tools used in the classroom. In order to do so, a survey with teachers in Primary&#xd;
and Secondary Education, concretely from the region of Murcia (Spain), has been conducted. The results&#xd;
show that the technological resources used are more focused on the promotion of collaborative learning and&#xd;
creativity, with the development of the entrepreneurial spirit remaining in the background. Regarding the&#xd;
teacher’s perceptions related to the level of effectiveness of the technological resources used, teachers&#xd;
consider that the technological tools used in the classroom encourage the collaborative learning and&#xd;
creativity to a great extent and the entrepreneurial spirit to a lesser extent. In the conclusions the importance&#xd;
of the teacher’s role as facilitator of knowledge by means of technological tools and their pedagogical,&#xd;
technological and cognitive training are highlighted as key elements for the success in the promotion of&#xd;
these skills in the school.</subfield>
   </datafield>
   <datafield ind1="8" ind2=" " tag="024">
      <subfield code="a">http://hdl.handle.net/10459.1/72480</subfield>
   </datafield>
   <datafield tag="653" ind2=" " ind1=" ">
      <subfield code="a">Profesorado</subfield>
   </datafield>
   <datafield tag="653" ind2=" " ind1=" ">
      <subfield code="a">TIC</subfield>
   </datafield>
   <datafield tag="653" ind2=" " ind1=" ">
      <subfield code="a">Aprendizaje colaborativo</subfield>
   </datafield>
   <datafield tag="653" ind2=" " ind1=" ">
      <subfield code="a">Creatividad</subfield>
   </datafield>
   <datafield tag="653" ind2=" " ind1=" ">
      <subfield code="a">Espíritu emprendedor</subfield>
   </datafield>
   <datafield ind2="0" ind1="0" tag="245">
      <subfield code="a">Perspectivas docentes sobre uso y efectividad de recursos TIC para promocionar el aprendizaje colaborativo, la creatividad y el espíritu emprendedor</subfield>
   </datafield>
   <datafield ind2="0" ind1="0" tag="245">
      <subfield code="a">Teachers’ perspectives regarding the use and efficacy of ICT resources&#xd;
focused on collaborative learning, creativity and entrepreneurship&#xd;
promotion</subfield>
   </datafield>
</record></metadata></record></GetRecord></OAI-PMH>